000 00543nam a2200193 a 4500
005 20240924065327.0
008 991125s1980 mx 000 0 spa u
020 _a9685700427
035 _aUPN01000004291
049 _aCG
050 4 _aLA427
_bM4.3
100 1 _aMendoza Berrueto, Eliseo,
_d1931-
_929258
245 1 0 _aApuntes universitarios /
_cEliseo Mendoza Berrueto.
260 _aGuadalajara :
_bU de G,
_c[1980?].
300 _a159 p.
440 3 _aLa universidad hoy
650 4 _aEducación superior
_zMéxico
_94968
905 _aLibro
999 _c4291
_d4291